Statistiken für Champions League Topscorer 1990/91

Klicken Sie hier um das Quiz zu spielen!

Allgemein

  • Dieses Quiz wurde 9 mal gespielt
  • Das Durchschnittsergebnis liegt bei 5 aus 23

Antwortstatistiken

RangNationVereinToreAntwort% Korrekt
1FrankreichOL Marseille6Jean-Pierre Papin
89%
3MexikoReal Madrid5Hugo Sanchez
78%
3JugoslawienCrvena Zvezda5Darko Pancev
44%
9SpanienReal Madrid4Butragueno
33%
13DeutschlandBayern München3Klaus Augenthaler
33%
1ÖsterreichTirol6Peter Pacult
33%
9AlgerienPorto4Rabah Madjer
33%
13JugoslawienBayern München3Radmilo Mihajlovic
33%
13DeutschlandBayern München3Roland Wohlfarth
33%
13BulgarienPorto3Emil Kostadinov
22%
9JugoslawienCrvena Zvezda4Robert Prosinecki
22%
13DeutschlandBayern München3Stefan Reuter
22%
3DeutschlandDynamo Dresden5Torsten Gütschow
22%
13SchottlandRangers3Ally McCoist
11%
13JugoslawienCrvena Zvezda3Dejan Savicevic
11%
3SchottlandRangers5Mo Johnston
11%
13SpanienReal Madrid3Aldana
0%
13PolenLech Poznan3Czeslaw Jakolcewicz
0%
13TürkeiBesiktas3Feyyaz Ucar
0%
3SpanienReal Madrid5Losada
0%
13DeutschlandBayern München3Manfred Bender
0%
3FrankreichOL Marseille5Phillipe Vercruysse
0%
9FrankreichPorto4Stephane Paille
0%

Verteilung der Resultate

Perzentil nach korrekt beantworteten Fragen

Anzahl Personen mit jedem Resultat

Ihre Resultats-Entwicklung

Sie haben dieses Quiz noch nicht gespielt